000
00313nam a22001337a 4500
005
20251128113706.0
008
251128b |||||||| |||| 00| 0 eng d
050
_a
PR 1101.B831963
100
_a
BUCK PEARL
245
_a
THE GOOD EARTH
260
_a
KENYA
_b
LONGMANS
_c
1963
300
_a
X,133
942
_2
lcc
_c
BK
999
_c
216312
_d
216312